| 000 | 00791cam a2200169 a 4500 | ||
|---|---|---|---|
| 020 | _a0195089863 (acidfree paper) | ||
| 050 | 0 | 0 |
_aQ183.3.A1 _bB46 1993 |
| 245 | 0 | 0 |
_aBenchmarks for science literacy. _cAmerican Association for the Advancement of science. |
| 260 |
_aNew York [USA] : _bOxford University Press, _c1993. |
||
| 300 | _axv, 418 p. : | ||
| 500 | _a"Project 2061, American Association for the Advancement of Science." | ||
| 500 | _aIncludes index. | ||
| 650 |
_xScience -- study and teaching ; _xUnited States ; _xMathematics -- study and teaching ; _xEngineering -- study and teaching ; _xTeachnical education. |
||
| 856 | 4 | 2 | _uhttp://www.loc.gov/catdir/enhancements/fy0604/93039107-d.html |
| 856 | 4 | 2 | _uhttp://www.loc.gov/catdir/enhancements/fy0724/93039107-b.html |
| 942 |
_2lcc _cGEN |
||
| 999 |
_c6837 _d6837 |
||